| 000 | 00707nam a2200193Ii 4500 | ||
|---|---|---|---|
| 003 | JO-AjNU | ||
| 008 | 230605s9999||||xx |||||||||||||| ||und|| | ||
| 040 |
_aJO-AjNU _bara _erda _cJO-AjNU |
||
| 041 | _aara | ||
| 050 | 1 | 4 | _aG155A1.A2822 2010 |
| 100 | 3 |
_aأبو عياش، عبد الإله، م.مشارك الطائي، حميد عبد النبي, _eauthor _951325 |
|
| 245 | 0 | 0 | _aالتخطيط السياحي: مدخل إستراتيجي |
| 264 | 3 | 1 | _aعمان: مؤسسة الوراق،2010 |
| 300 | _a399ص | ||
| 336 |
_atext _btxt _2rdacontent |
||
| 337 |
_aunmediated _bn _2rdamedia |
||
| 338 |
_avolume _bnc _2rdacarrier |
||
| 650 | 4 |
_aالسياحة-تخطيط-السياحة - ادارة _951326 |
|
| 999 |
_aA22663 _c26231 _d26231 |
||